000 00371cam a22001097a 4500
008 180718b2005 xxu||||| |||| 00| 0 eng d
082 _aI549x5413 C393
245 _aCompendium of case law on right to information act, 2005.
_cedited by Ashok Kumar Choudhary
260 _aPatna
_bBihar state information commision
_c2005
300 _a314p.
700 _aChoudhary, Ashok Kumar
999 _c503991
_d503991